000 00668nam a22002057a 4500
005 20150410123038.0
010 _aENG-112403
020 _a9780199453337
_c795.00
020 _a199453330
_c795.00
035 _aEN-95935
037 _bDBAD/PUB
082 _a954.1605
245 _aTroubled diversity :
_cedited by Sandhya Goswami
_bthe political process in Northeast India /
260 _aNew Delhi
_bOxford University Press
_c2015
270 _aYMCA Library Building, 1 Jai Singh Road,
_bNew Delhi
_e110001
300 _axxxi,239p.
_c23cm(Hb)
500 _aIncludes index
700 _aGoswami, Sandhya
942 _2ddc
_cEN
_mTRO
_h954.1605
999 _c92297
_d92297